<?xml version="1.0" encoding="UTF-8"?>
<record
    xmlns:xsi="http://www.w3.org/2001/XMLSchema-instance"
    xsi:schemaLocation="http://www.loc.gov/MARC21/slim http://www.loc.gov/standards/marcxml/schema/MARC21slim.xsd"
    xmlns="http://www.loc.gov/MARC21/slim">

  <leader>00862nam a2200229 a 4500</leader>
  <controlfield tag="001">BRCA_6882</controlfield>
  <controlfield tag="005">20190320205628.0</controlfield>
  <controlfield tag="008">111111s1921----cl-ab#####---#000-0#spa-#</controlfield>
  <datafield tag="041" ind1=" " ind2=" ">
    <subfield code="a">spa</subfield>
  </datafield>
  <datafield tag="044" ind1=" " ind2=" ">
    <subfield code="a">cl</subfield>
  </datafield>
  <datafield tag="050" ind1=" " ind2="4">
    <subfield code="a">F3181</subfield>
    <subfield code="b">.W54 1921</subfield>
  </datafield>
  <datafield tag="245" ind1="1" ind2="0">
    <subfield code="a">Turismo en la provincia de Llanquihue a trav&#xE9;s de la Suiza Chilena y Argentina con datos de los canales de Chilo&#xE9;</subfield>
    <subfield code="c">por German Wiederhold, Puerto Varas</subfield>
  </datafield>
  <datafield tag="250" ind1=" " ind2=" ">
    <subfield code="a">2</subfield>
  </datafield>
  <datafield tag="260" ind1=" " ind2=" ">
    <subfield code="a">Santiago de Chile</subfield>
    <subfield code="b">Imprenta y Litograf&#xED;a Universo</subfield>
    <subfield code="c">1921</subfield>
  </datafield>
  <datafield tag="300" ind1=" " ind2=" ">
    <subfield code="a">xiii, 242 p.</subfield>
    <subfield code="b">il., mapas</subfield>
    <subfield code="c">17 cm.</subfield>
  </datafield>
  <datafield tag="500" ind1=" " ind2=" ">
    <subfield code="a">O77</subfield>
  </datafield>
  <datafield tag="651" ind1=" " ind2="4">
    <subfield code="a">Llanquihue, Chile (Provincia)</subfield>
    <subfield code="v">Descripci&#xF3;n y viajes</subfield>
    <subfield code="x">Gu&#xED;as de viajeros</subfield>
    <subfield code="9">17142</subfield>
  </datafield>
  <datafield tag="651" ind1=" " ind2="4">
    <subfield code="a">Chilo&#xE9;, Chile (Provincia)</subfield>
    <subfield code="v">Descripci&#xF3;n y viajes</subfield>
    <subfield code="x">Gu&#xED;as de viajeros</subfield>
    <subfield code="9">17143</subfield>
  </datafield>
  <datafield tag="651" ind1=" " ind2="4">
    <subfield code="a">Chile</subfield>
    <subfield code="v">Descripci&#xF3;n y viajes</subfield>
    <subfield code="x">Gu&#xED;as de viajeros</subfield>
    <subfield code="9">17144</subfield>
  </datafield>
  <datafield tag="902" ind1=" " ind2=" ">
    <subfield code="a">GFM</subfield>
  </datafield>
  <datafield tag="942" ind1=" " ind2=" ">
    <subfield code="2">lcc</subfield>
    <subfield code="c">B</subfield>
  </datafield>
  <datafield tag="999" ind1=" " ind2=" ">
    <subfield code="c">6564</subfield>
    <subfield code="d">6564</subfield>
  </datafield>
  <datafield tag="952" ind1=" " ind2=" ">
    <subfield code="0">0</subfield>
    <subfield code="1">0</subfield>
    <subfield code="4">0</subfield>
    <subfield code="7">0</subfield>
    <subfield code="a">BRCA</subfield>
    <subfield code="b">BRCA</subfield>
    <subfield code="d">2011-11-11</subfield>
    <subfield code="i">O77</subfield>
    <subfield code="l">0</subfield>
    <subfield code="o">F3181 .W54 1921 (O77)</subfield>
    <subfield code="p">7329</subfield>
    <subfield code="r">2019-03-22 00:00:00</subfield>
    <subfield code="w">2019-03-22</subfield>
    <subfield code="y">B</subfield>
  </datafield>
</record>
